| 000 | 01545nam a2200229Ia 4500 | ||
|---|---|---|---|
| 003 | Ost | ||
| 005 | 20260507075723.0 | ||
| 008 | 260507s9999||||xx |||||||||||||| ||und|| | ||
| 020 | _a9789931753179 | ||
| 040 | _cfsecg | ||
| 041 | _aara | ||
| 082 | _a350.75 | ||
| 100 |
_aقالون، جيلالي _eمؤلف |
||
| 245 | 0 |
_aمراقبة التسيير في المؤسسة الاقتصادية : _bبين النظرية والتطبيق / _c جيلالي قالون |
|
| 260 |
_a[دون مكان]: _bدار الكتاب العربي, _c2023 |
||
| 300 |
_a232 صفحة؛ _bإيضاحات ؛ _c24 سم |
||
| 504 | _aمراجع ص.222 | ||
| 520 | _aمدخل عام لمراقبة التسيير، ماهية مراقبة التسيير،و أهميةومكانة مراقبة التسيير في المؤسسة الاقتصادية عناصر ودورة و أدوات نظام مراقبة التسيير، تصميم نظام مراقبة التسيير في المؤسسة الاقتصادية، الموازنات التقديرية، مدخل عام لها،و أنواعها، كذلك الرقابة باستخدام الموازنات التقديرية، وأدوات نراقبة التسيير، أسعار التنازل الداخلي،فائض الانتاجية الاجمالي،لوحة القيادة، مدخل عام حول لوحة القيادة، تصميم وتشغيل لوحات القيادة. | ||
| 653 | _aالرقابة الادارية | ||
| 653 | _aالمؤسسات الاقتصادية | ||
| 942 | _cكتاب | ||
| 999 |
_c45950 _d45950 |
||